Harry Potter Venn Diagram Quiz Stats

 Plays Quiz Updated May 26, 2018

Score 0/8 Timer 02:00
49 Plays Today
% Correct
Hermione Granger
88.7%
Fred Weasley
86.6%
Cedric Diggory
83.3%
Ron Weasley
83.3%
Seamus Finnigan
82.7%
Lord Voldemort
78%
Luna Lovegood
69.9%
Vincent Crabbe
58.7%

You're not logged in!

Compare scores with friends on all Sporcle quizzes.
OR
Log In

You Might Also Like...

Show Comments

Extras

Top Quizzes Today


Score Distribution

Your Account Isn't Verified!

In order to create a playlist on Sporcle, you need to verify the email address you used during registration. Go to your Sporcle Settings to finish the process.

Report this User

Report this user for behavior that violates our Community Guidelines.

Details: